000 00697nam a2200205 u 4500
001 000817643
003 AM-YeHGA
005 20250617144525.0
008 110617s1973 ru r 000 0 rus d
040 _aAM-YeHGA
041 1 _arus
_hlav
100 1 _aЯунсудрабинь, Ян
245 1 0 _aАйя :
_bТрилогия /
_cЯн Яунсудрабинь ; Пер. с латыш. Л. Блюмфельд, З. Федоровой.
260 _aМосква :
_bХудож. лит.,
_c1973.
300 _a383 с.
653 0 _aЛатышская литература
700 1 _aБлюмфельд, Л.
_eпер.
_4trl
700 1 _aФедорова, З.
_eпер.
_4trl
090 _c297295
999 _c295605
_d295605